| 000 | 00961nam a22002417a 4500 | ||
|---|---|---|---|
| 005 | 2009111306196.0 | ||
| 008 | 091113t xxu||||| |||| 00| 0 eng d | ||
| 010 | _aENG-95438 | ||
| 020 |
_a8183242847 _c450.00 |
||
| 035 | _aEN-78971 | ||
| 037 | _bDBAD/PUB | ||
| 040 | _aDPL | ||
| 100 | _aKanmaony, J. Cyril | ||
| 245 |
_aHuman rights and health care _cby J. Cyril Kanmony |
||
| 260 |
_aNew Delhi _bMittal Publications _c2008 |
||
| 270 |
_a4594/9, Darya Ganj _bNew Delhi _e110002 |
||
| 300 |
_axi, 179p _c22 cm.(Hb) |
||
| 500 | _aIncludes index. | ||
| 856 | _uhttp://www.loc.gov/catdir/toc/ecip0721/2007025342.html | ||
| 942 |
_2ddc _cEN _mKAN |
||
| 999 |
_c31774 _d31774 |
||